000 00385nam a22001577a 4500
003 OSt
005 20180116182948.0
008 131008b xxu||||| |||| 00| 0 eng d
040 _c0
082 _24th
_a300.285555 FIE 2013
100 _aAndy Field
245 _aDiscovering Statistics Using IMB SPSS Statistics
_cAndy Field
260 _c2013
300 _a914p.
942 _2ddc
_cBK
999 _c349391
_d349391